| 000 | 02389ncm0a22003971 4500 | ||
|---|---|---|---|
| 001 | RU\NLR\ONIZ\224125 | ||
| 005 | 20250626133420.0 | ||
| 013 | _a979-0-9003091-0-5 | ||
| 021 |
_aRU _b18-42 _918-НО-П-3 |
||
| 035 | _aRU\NLR\ONIZ\natafirs\5000002831\20180924121347 | ||
| 035 | _a(NLR Aleph) 011806958 | ||
| 090 |
_a11897449 _c11897449 |
||
| 100 | _a20180924d2017 |||y0rusy50 ca | ||
| 101 | 0 | _arus | |
| 102 | _aRU | ||
| 125 | _aay | ||
| 145 | 0 | _ab | |
| 200 | 1 |
_aЮный народник _bНоты _eпьесы для детского оркестра рус. нар. инструментов _hВып. 1 _iПартитура _fсост., оркестровка и аранжировка Ю. Кондратьева |
|
| 210 |
_aТольятти _cИзд-во Тольяттинской консерватории _d2017 |
||
| 215 |
_a64 с. _cил. _d29 см |
||
| 300 | _aОт сост.: с. 4-6 | ||
| 313 | _aСистематизация документа проведена по изданию - Методика классифицирования музыкальных произведений (нотных изданий) по таблицам Библиотечно-библиографических классификаций : метод. рекомендации / Гос. б-ка СССР им. В.И. Ленина.- М., 1977. Индексу ББК методических рекомендаций присваивается код ББК для научных библиотек - LBC/SL | ||
| 327 | 1 | _a1. Сюита-шутка "Сон в летнюю ночь или путешествие Серенького Козлика" / Ю. Кукузенко. 2. Марш / В. Андреев. 3. "Ой ты, степь широкая" : рус. нар. песня / обраб. Е. Дербенко | |
| 606 | 1 |
_aДетский оркестр _yРоссия _zXX-XXI в. _2nlr_sh |
|
| 686 |
_aЩ951.9(2Р=Рус)я43П _vLBC/SL _2rubbk |
||
| 686 |
_aЩ985(2Р=Рус)я43П _vLBC/SL _2rubbk |
||
| 702 | 1 |
_9z01790 _aКондратьев _bЮ. _gЮрий _4220 _4030 _7ca |
|
| 790 | 1 |
_9z01702 _aKondrat`ev _bJ. _gJurij _4220 _4030 _7ba |
|
| 801 | 0 |
_aRU _bNLR _c20180924 _gPSBO |
|
| 801 | 1 |
_aRU _bNLR _c20180924 _2rusmarc |
|
| 801 | 2 |
_aRU _bNLR _c20180924 |
|
| 852 |
_aNLR _bМ _jК-3/29477(1) _pМОЭ 2018-НО-П-3/42 _t1 |
||
| 942 | _cSCORE | ||
| 980 | _aNB | ||
| 980 | _aONIZ | ||